Liepāja

Titel: Liepāja : jūgendstila arhitektūra = Liepāja : Art nouveau architecture / Jānis Krastiņš
Verfasser:
Veröffentlicht: Liepāja : Liepājas Pilsētas Dome, 2015
Umfang: 376 S. : zahlr. Ill., Kt.
Format: Buch
Sprache: Lettisch; Englisch
Schlagworte:
ISBN: 9789934144646
Buchumschlag
X
Lokale Klassifikation: 46 8 L 1 ; 46 9 D ; 46 2 B
alg: 36229680
001A    $03004:24-07-15 
001B    $06055:13-03-26 $t18:13:50.000 
001C    $03004:24-07-15 $t09:36:15.000 
001D    $03004:24-07-15 
001U    $0utf8 
001X    $00 
002@    $0Aau 
003@    $0362296804 
003O    $0914329759 $aOCoLC 
004A    $A978-9934-14-464-6 
007A    $0362296804 $aHEB 
007G    $0DE0202121B7EE0F49E900C1257E93004341B7 
009P    $qapplication/pdf $A2 $3Inhaltsverzeichnis $uhttp://scans.hebis.de/HEBCGI/show.pl?36229680_toc.pdf $mV:DE-603;B:DE-Mb50 
010@    $alav $aeng 
011@    $a2015 
013D    $RBuch $RBildliche Darstellung $#Bildband $#Abbildungen Formschlagwort $#Ansichtspostkarte Formschlagwort $#Bildatlas $#Bilddokumente $#Bilder Formschlagwort $#Bildmaterial Formschlagwort $#Ansichten Formschlagwort $#Bildsammlung $#Abbildungswerk $#Illustrationswerk $#Photographien-Bildband $#Fotographien-Bildband $#Bildbände $D20251120 $Ecgmnf $74145395-5 $8Bildband [Tsz] $9085578738 
021A    $aLiepāja $djūgendstila arhitektūra $fLiepāja $fArt nouveau architecture $hJānis Krastiņš 
028A    $#Krastiņš, J. $#Krastinʹš, Ja. $#Krastinʹš, Janis Albertovič $#Krastinʹš, Janis A. $#Krastinʹš, Ja. A. $#Krastinʹš, Janis $#Krastinsch, Janis $#Krastinʹsh, Ia. $#Krastynʹ, Ja. $#Krastynʹš, Janis $#Krastynʹš, Janis Albertovič $#Krastynʹš, Janis A. $#Krastynʹ, Ja. $#Krastynʹ, Janis Albertovič $#Крастиньш, Янис Албертович $#Крастиньш, Янис $#Крастиньш, Я. А. $#Крастыньш, Янис Албертович $#Крастыньш, Янис $#Крастыньш, Я. А. $#Крастынь, Я. $#Крастынь, Янис Албертович $7130021881 $8Krastiņš, Jānis$Z1943- [Tp1] $9160256003 
033A    $pLiepāja $nLiepājas Pilsētas Dome 
034D    $a376 S. 
034M    $azahlr. Ill., Kt. 
044K    $RArchitekt $RBaudenkmal $RBauweise $RInnenarchitektur $#Architecture $#Architecture $#Baukunst $D20251120 $Ecgmnf $74002851-3 $8Architektur [Ts1] $9084999292 
044K    $RFin de siècle $#Art nouveau $#Art nouveau $#Art nouveau $#Arte modernista $#Art nouveau $#Stile floreale $#Stile liberty $#Liberty Kunststil $#Modernismo $D20251120 $Ecgmnf $74028939-4 $8Jugendstil [Ts1] $9085076406 
044K    $RLibava $RLiepaja $#Libau $#Liepaja $#Libava $D20251120 $Ecgmnf $75248529-8 $8Liepāja [Tg1] $9053556909 
044K    $RDekoration $#Decoration and ornament, Architectural $#Décoration architecturale $#Baudekor $D20251120 $Ecgmnf $74732517-3 $8Baudekoration [Ts1] $9111731399 
045F    $a709.4796 $eDDC23BSB 
045F/01 $a709 
045F/03 $g4796 
045G    $a910.94796 $eDDC23BSB 
045G/01 $a910 
045G/03 $g4796 
046M    $aText lett. u. engl. 

lok: 36229680 24
101B    $024-07-15 $t09:36:15.000 
101C    $024-07-15 
101U    $0utf8 
145Z/01 $a46 8 L 1 
145Z/02 $a46 9 D 
145Z/03 $a46 2 B 

exp: 36229680 24 1 #EPN
201B/01 $024-07-15 $t09:39:49.000 
201C/01 $024-07-15 
201U/01 $0utf8 
203@/01 $0757392873 
208@/01 $a24-07-15 $bz 
209A/01 $a15.06012 $du $f050 $h15 06012 $x00 
209C/01 $a15.06012 T $h15 06012 T 
209G/01 $a73705894 $x00 
220C/01 $amar 
247C/01 $8358050-7 Marburg, Bibliothek des Herder-Instituts Marburg $9102600961
LEADER 00000cam a2200000 c 4500
001 362296804
003 DE-603
005 20260313181350.0
007 tu
008 150724s2015 xx |||| | u00||u|lav c
020 |a 9789934144646 
035 |a (DE-599)HEB362296804 
035 |a (OCoLC)914329759 
040 |a DE-603  |b ger  |c DE-603  |d DE-603 
041 |a lav  |a eng 
082 0 4 |8 1\u  |a 709.4796  |q DE-101  |2 23/BSB 
083 0 |8 2\u  |a 910.94796  |q DE-101  |2 23/BSB 
085 |8 1\u  |b 709 
085 |8 1\u  |z 2  |s 4796 
085 |8 2\u  |b 910 
085 |8 2\u  |z 2  |s 4796 
100 1 |a Krastiņš, Jānis  |d 1943-  |0 (DE-603)160256003  |0 (DE-588)130021881  |2 gnd 
245 0 0 |a Liepāja  |b jūgendstila arhitektūra = Liepāja : Art nouveau architecture  |c Jānis Krastiņš 
264 1 |a Liepāja  |b Liepājas Pilsētas Dome  |c 2015 
300 |a 376 S.  |b zahlr. Ill., Kt. 
500 |a Text lett. u. engl. 
650 7 |a Architektur  |0 (DE-588)4002851-3  |0 (DE-603)084999292  |2 gnd 
650 7 |a Jugendstil  |0 (DE-588)4028939-4  |0 (DE-603)085076406  |2 gnd 
650 7 |a Baudekoration  |0 (DE-588)4732517-3  |0 (DE-603)111731399  |2 gnd 
651 7 |a Liepāja  |0 (DE-588)5248529-8  |0 (DE-603)053556909  |2 gnd 
655 7 |a Bildband  |2 gnd-content  |0 (DE-588)4145395-5  |0 (DE-603)085578738 
856 4 2 |m V:DE-603;B:DE-Mb50  |q application/pdf  |u http://scans.hebis.de/HEBCGI/show.pl?36229680_toc.pdf  |3 Inhaltsverzeichnis 
924 0 |9 Mb 50  |a (DE-603)757392873  |b DE-Mb50  |c HES  |d c  |g 15.06012